Profile: Professor Farnsworth Quiz Stats

 Plays Quiz Updated Apr 4, 2012

Challenge
Share
Tweet
Embed
Score 0/14 Timer 04:00
0 Plays Today
Profile question Answer % Correct
CityNew New York
81.6%
First NameHubert
79.5%
OccupationMad Scientist
79.3%
Type of BusinessPackage Delivery
75.4%
__ Decades old17
69.5%
Most of his missions for his crew are ________Suicidal
68.3%
Worked at _______ in his younger yearsMomcorp
61%
Profile question Answer % Correct
Invention that detects scents through the universeSmell-O-Scope
58.1%
University he teaches atMars University
57.1%
Son (Cloned)Cubert Farnsworth
50%
Has a passion and a gift for creating ________ devicesDoomsday
44.8%
RivalProfessor Wernstrom
42%
'Sweet ______ Jesus!'Zombie
30.2%
Non-cloned sonIgner
12%

You're not logged in!

Compare scores with friends on all Sporcle quizzes.
OR
Log In

You Might Also Like...

Show Comments

Extras

Top Quizzes Today


Score Distribution

Your Account Isn't Verified!

In order to create a playlist on Sporcle, you need to verify the email address you used during registration. Go to your Sporcle Settings to finish the process.

Report this User

Report this user for behavior that violates our Community Guidelines.

Details: